Beavers and their lodges / (Record no. 2713)

MARC details
000 -LEADER
fixed length control field 00863cam a22002534a 4500
005 - DATE AND TIME OF LATEST TRANSACTION
control field 20240111135007.0
020 ## - INTERNATIONAL STANDARD BOOK NUMBER
International Standard Book Number 9780736851268
040 ## - CATALOGING SOURCE
Original cataloging agency DLC
Transcribing agency DLC
Modifying agency DLC
Language of cataloging eng
050 00 - LIBRARY OF CONGRESS CALL NUMBER
Classification number QL737.R632
Item number 2005
082 00 - DEWEY DECIMAL CLASSIFICATION NUMBER
Classification number 599.37
100 1# - MAIN ENTRY--PERSONAL NAME
Personal name Rustad, Martha E. H.
Fuller form of name (Martha Elizabeth Hillman),
Dates associated with a name 1975-
245 10 - TITLE STATEMENT
Title Beavers and their lodges /
Statement of responsibility, etc. by Martha E.H. Rustad
260 ## - PUBLICATION, DISTRIBUTION, ETC.
Place of publication, distribution, etc. North Mankato
Name of publisher, distributor, etc. Capstone Press,
Date of publication, distribution, etc. 2005
300 ## - PHYSICAL DESCRIPTION
Extent 24 pages :
Other physical details color illustrations ;
Dimensions 24 cm.
505 ## - FORMATTED CONTENTS NOTE
Formatted contents note G <br/>
520 ## - SUMMARY, ETC.
Summary, etc. Text and photographs introduce beavers and the lodges in which they build, live, and raise their young.
521 ## - TARGET AUDIENCE NOTE
Target audience note 380 <br/>
Source Lexile <br/>
521 ## - TARGET AUDIENCE NOTE
Target audience note G <br/>
Source Raz-Plus <br/>
650 #0 - SUBJECT ADDED ENTRY--TOPICAL TERM
Topical term or geographic name entry element Beavers
General subdivision Habitations
Form subdivision Juvenile literature.
650 #1 - SUBJECT ADDED ENTRY--TOPICAL TERM
Topical term or geographic name entry element Beavers
General subdivision Habitations.
906 ## - LOCAL DATA ELEMENT F, LDF (RLIN)
a 7
b cbc
c orignew
d 1
e ecip
f 20
g y-gencatlg
942 ## - ADDED ENTRY ELEMENTS (KOHA)
Source of classification or shelving scheme Dewey Decimal Classification
Koha item type Books
Suppress in OPAC No
999 ## -
-- 2713
-- 2713
Holdings
Withdrawn status Lost status Source of classification or shelving scheme Damaged status Not for loan Collection Home library Current library Shelving location Date acquired Total Checkouts Full call number Barcode Date last seen Date last checked out Price effective from Koha item type
    Dewey Decimal Classification     Non-Fiction Footprints International School Library Network Toul Kork Campus Footprints International School Library Network Toul Kork Campus   01/10/2024 4 RUS 599.37 QL737.R632 FISTK02210 08/20/2025 08/20/2025 01/10/2024 Books